| Tag |
First Indicator |
Second Indicator |
Subfields |
| LEADER |
00000cam a2200000 4500 |
| 001 |
in00000665692 |
| 005 |
20151015085902.0 |
| 008 |
801006r18261826miuabf a 00010 eng d |
| 035 |
|
|
|a (OCoLC)06794645
|
| 035 |
|
|
|9 ACY3671AM
|
| 040 |
|
|
|a EEU
|c TXA
|d UtOrBLW
|
| 049 |
|
|
|a TXAI
|
| 090 |
|
|
|a TA57
|b .S91
|
| 099 |
|
|
|a film
|a B
|a 1512
|a reel
|a 405.10
|
| 100 |
1 |
|
|a Strickland, William,
|d 1787-1854.
|
| 245 |
1 |
0 |
|a Reports on canals, railways, roads, and other subjects, made to "The Pennsylvania Society for the Promotion of Internal Improvement." /
|c By William Strickland, while engaged in the service of the society.
|
| 264 |
|
1 |
|a Philadelphia :
|b H. C. Carey & I. Lea,
|c 1826.
|
| 300 |
|
|
|a vi, 51 pages :
|b illustrations, 57 plates (part color, part folded) map. ;
|c 28 x 46 cm.
|
| 336 |
|
|
|a text
|b txt
|2 rdacontent
|
| 337 |
|
|
|a microform
|b h
|2 rdamedia
|
| 338 |
|
|
|a microfilm reel
|b hd
|2 rdacarrier
|
| 500 |
|
|
|a Microfilm. Ann Arbor, Mich., University Microfilms [n.d.] (American culture series, Reel 405.10)
|
| 500 |
|
|
|a Microform.
|
| 650 |
|
0 |
|a Engineering.
|
| 710 |
2 |
|
|a Pennsylvania Society for the Promotion of Internal Improvements in the Commonwealth.
|
| 999 |
|
|
|a MARS
|
| 999 |
f |
f |
|s 2ddb8947-2d5a-3de0-9169-7f46e61f61cd
|i 22df1285-2d35-3896-933f-04a4cbdaa998
|t 0
|
| 952 |
f |
f |
|p default
|a Texas A&M University
|b College Station
|c Sterling C. Evans Library
|d Evans: Microforms (3rd floor)
|t 0
|e film B 1512 reel 405.10
|h Other scheme
|i microform -- microfilm reel
|
| 998 |
f |
f |
|a film B 1512 reel 405.10
|t 0
|l Evans: Microforms (3rd floor)
|